LEADER 01106nam a2200253 4500 001 000000333792 003 CaOOAMICUS 005 20190606153907.0 008 190605s2001 xxu 000 u eng r 020 $a0-8091-3992-8 040 $aSeMil$bita 100 1 $aWilkes, Paul.$0(OLS)http://semarc/name/109582 245 10$aExcellent Catholic parishes :$bthe guide to best places and practices /$cPaul Wilkes. 264 1$aNew York ; Mahwah :$bPaulist Press,$c2001. 300 $aXIII, 255 p. :$bill. ;$c21 cm. 650 4$aParrocchia - Pastorale.$0(OLS)http://semarc/subject/6205 650 4$aParrocchia.$0(OLS)http://semarc/subject/5780 850 $aSeMil 852 $aSeMil$W1$xVenegono$y1$m3K V 474$j213814$B226098$CSeMilBibl$Z2$F226098 $81 961 $aLorenzi don Ugo - Omaggio 996 $6020$a0-8091-3992-8$9(OLS)http://semarc/number/287435 996 $6245$aExcellent Catholic parishes :$bthe guide to best places and practices$9(OLS)http://semarc/title/423487 996 $6264$aNew York ; Mahwah :$bPaulist Press$9(OLS)http://semarc/publisher/32439 LEADER 01448nam a2200301 i 4500 001 000000093037 003 CaOOAMICUS 005 20180405000000.0 008 180405s1976 it u000 u ita u 013 $a65279 040 $aSeMil$bita 245 10$aPer conoscere sant'Agostino /$ca cura di Fernando Vittorino Joannes. 246 04$iTitolo in copertina:$aSant'Agostino : l'uomo, il filosofo, il teologo, il mistico 260 $aMilano :$bMondadori,$c1976. 300 $a438 p. ;$c19 cm. 490 0 $aOscar Mondadori ;$vL215 490 0 $aGli Oscar. Per conoscere ;$vL215 500 $aContiene : Cronologia della vita e delle opere di Sant'Agostino ; Opere di Sant'Agostino e bibliografia agostiniana. 600 04$aAgostino, Aurelio .$0(OLS)http://semarc/subject/1856 700 1 $aJoannes, Fernando Vittorino,$c.$0(OLS)http://semarc/name/89986 830 0$aOscar ;$vL215.$0(OLS)http://semarc/title/8669 830 4$aGli Oscar per conoscere ;$vL215.$0(OLS)http://semarc/title/15649 850 $aSeMil 852 $aSeMil$W1$xVenegono$y1$m2T I 122$j55824$B55824$CSeMilBibl$Z2$F60638 $81 961 $aRecupero: Seminario di Seveso 996 $6245$aPer conoscere sant'Agostino$9(OLS)http://semarc/title/406240 996 $6246$aSant'Agostino : l'uomo, il filosofo, il teologo, il mistico$9(OLS)http://semarc/title/406241 996 $6260$aMilano :$bMondadori$9(OLS)http://semarc/publisher/30335